[Event "Heroes Day Cup, Masters Section"]
[Site "Bridgetown Chess Center"]
[Date "2009.05.02"]
[Round "8"]
[White "Elliott, Warren"]
[Black "Neubauer, Martin"]
[Result "0-1"]
[WhiteElo "2265"]
[BlackElo "2414"]
[PlyCount "106"]
[EventDate "2009.04.27"]
[EventType "swiss"]
[EventRounds "9"]
[EventCountry "BAR"]
[SourceDate "2009.04.27"]

1. e4 e5 2. Nf3 Nc6 3. d4 exd4 4. Bc4 Nf6 5. e5 d5 6. Bb5 Ne4 7. Nxd4 Bd7 8.
Bxc6 bxc6 9. O-O Bc5 10. Be3 O-O 11. Nd2 Nxd2 12. Qxd2 Bb6 13. Nb3 f6 14. Bd4
fxe5 15. Bxe5 Qh4 16. Rae1 Rae8 17. Bd4 Qf4 18. Be3 Qc4 19. Qd3 Qg4 20. Nc5 Bf5
21. Qc3 Qg6 22. Bd4 Bxc2 23. Rc1 Be4 24. Nxe4 Rxe4 25. Bxb6 cxb6 26. Qxc6 Qxc6
27. Rxc6 Re2 28. Rc7 a5 29. b3 Rxa2 30. Rb7 Rf6 31. Rb8+ Kf7 32. Rb7+ Kg6 33.
f4 Rc6 34. g4 Rcc2 35. Rxb6+ Kf7 36. Rb7+ Ke6 37. Re1+ Kd6 38. Rxg7 Rg2+ 39.
Kh1 Rxh2+ 40. Kg1 Rag2+ 41. Kf1 Rf2+ 42. Kg1 Rhg2+ 43. Kh1 Rg3 44. Rxh7 Rxf4
45. Rh6+ Kc5 46. Rc1+ Kb5 47. Rh8 Rfxg4 48. Rb8+ Ka6 49. Rc6+ Ka7 50. Rh8 Rxb3
51. Rc5 Ra4 52. Rxd5 Ra1+ 53. Kh2 Ra2+ 0-1

[Event "Heroes Day Cup, Masters Section"]
[Site "Bridgetown Chess Center"]
[Date "2009.05.02"]
[Round "8"]
[White "Pitterson, Jomo"]
[Black "Zapata, Alonso"]
[Result "0-1"]
[WhiteElo "2242"]
[BlackElo "2514"]
[PlyCount "126"]
[EventDate "2009.04.27"]
[EventType "swiss"]
[EventRounds "9"]
[EventCountry "BAR"]
[SourceDate "2009.04.27"]

1. d4 Nf6 2. c4 d6 3. Nc3 Nbd7 4. e4 e5 5. Nf3 c6 6. Be2 Be7 7. O-O O-O 8. Qc2
Qc7 9. Rd1 Re8 10. Be3 a6 11. Rac1 Ng4 12. Bd2 d5 13. cxd5 exd4 14. dxc6 Ndf6
15. Nd5 Nxd5 16. cxb7 Qxb7 17. exd5 Qxd5 18. Bf4 Bf6 19. h3 Qe4 20. Qd2 Qxe2
21. hxg4 Bxg4 22. Nxd4 Qe7 23. Re1 Qd7 24. Nb3 Qxd2 25. Bxd2 Rxe1+ 26. Bxe1
Bxb2 27. Rc6 Bd7 28. Rc7 Bb5 29. Bc3 Bxc3 30. Rxc3 Kf8 31. Nd4 Bd7 32. Kf1 Rb8
33. Nb3 Bb5+ 34. Kg1 Re8 35. Nd4 Re1+ 36. Kh2 Bd7 37. Kg3 Rd1 38. Nf3 Rd6 39.
Kf4 f6 40. Ke3 Bc6 41. Ne1 Bb5 42. Nc2 Re6+ 43. Kf3 Bc6+ 44. Kg3 Rd6 45. Ne3
Bd7 46. Kf3 h5 47. Rc5 Rd2 48. Rc2 Rd4 49. Rc4 Bg4+ 50. Kg3 Rxc4 51. Nxc4 Be6
52. Nb2 Bxa2 53. Kh4 g6 54. g4 hxg4 55. Kxg4 Ke7 56. Kf4 Kd6 57. Ke3 Kd5 58.
Nd3 Kc4 59. Kd2 Bb1 60. Nf4 a5 61. Ne2 Be4 62. Nc3 Bc6 63. Kc2 a4 0-1

[Event "Heroes Day Cup, Masters Section"]
[Site "Bridgetown Chess Center"]
[Date "2009.05.03"]
[Round "9"]
[White "Paikidze, Nazi"]
[Black "Pitterson, Jomo"]
[Result "1/2-1/2"]
[WhiteElo "2310"]
[BlackElo "2242"]
[PlyCount "36"]
[EventDate "2009.04.27"]
[EventType "swiss"]
[EventRounds "9"]
[EventCountry "BAR"]
[SourceDate "2009.04.27"]

1. d4 Nf6 2. Bg5 Ne4 3. Bf4 c5 4. f3 Qa5+ 5. c3 Nf6 6. d5 Qb6 7. e4 Qxb2 8. Nd2
Qxc3 9. Bc7 g6 10. Rc1 Qe3+ 11. Ne2 d6 12. Bxb8 Rxb8 13. Qa4+ Nd7 14. f4 b5 15.
Qxa7 b4 16. h4 Qa3 17. Qxa3 bxa3 18. Rc3 Bg7 1/2-1/2

[Event "Heroes Day Cup, Masters Section"]
[Site "Bridgetown Chess Center"]
[Date "2009.05.03"]
[Round "9"]
[White "Neubauer, Martin"]
[Black "Hammar, Bengt"]
[Result "1-0"]
[WhiteElo "2414"]
[BlackElo "2323"]
[PlyCount "69"]
[EventDate "2009.04.27"]
[EventType "swiss"]
[EventRounds "9"]
[EventCountry "BAR"]
[SourceDate "2009.04.27"]

1. d4 Nf6 2. Nf3 g6 3. c4 Bg7 4. Nc3 d5 5. cxd5 Nxd5 6. e4 Nxc3 7. bxc3 c5 8.
Rb1 Nc6 9. d5 Ne5 10. Bb5+ Bd7 11. O-O O-O 12. Nxe5 Bxe5 13. c4 b6 14. Bxd7
Qxd7 15. Bb2 Bxb2 16. Rxb2 e6 17. a4 exd5 18. exd5 Rab8 19. Re1 Rfe8 20. Rbe2
Rxe2 21. Rxe2 Re8 22. Rxe8+ Qxe8 23. d6 Kf8 24. d7 Qd8 25. Qd6+ Kg8 26. h4 h5
27. f3 Kg7 28. g4 hxg4 29. fxg4 Kg8 30. Kf1 Kh8 31. h5 gxh5 32. gxh5 Kh7 33.
Ke2 Kg7 34. h6+ Kh7 35. Qe5 1-0

[Event "Heroes Day Cup, Masters Section"]
[Site "Bridgetown Chess Center"]
[Date "2009.05.03"]
[Round "9"]
[White "Shabalov, Alexander"]
[Black "Uribe, Mauricio"]
[Result "1/2-1/2"]
[WhiteElo "2569"]
[BlackElo "2416"]
[PlyCount "44"]
[EventDate "2009.04.27"]
[EventType "swiss"]
[EventRounds "9"]
[EventCountry "BAR"]
[SourceDate "2009.04.27"]

1. d4 d5 2. c4 c6 3. Nc3 Nf6 4. Nf3 dxc4 5. a4 Bf5 6. Ne5 e6 7. g3 Bb4 8. Bg2
Nbd7 9. Nxc4 Nb6 10. Ne5 Ne4 11. O-O Nxc3 12. bxc3 Bxc3 13. Ra3 Qxd4 14. Nxc6
bxc6 15. Bxc6+ Ke7 16. Qb3 Rac8 17. Qxc3 Qxc3 18. Rxc3 Be4 19. Ba3+ Kf6 20. Bb2
Bxc6 21. Rxc6+ Kg6 22. Rxc8 Rxc8 1/2-1/2

[Event "Heroes Day Cup, Masters Section"]
[Site "Bridgetown Chess Center"]
[Date "2009.05.03"]
[Round "9"]
[White "Elliott, Warren"]
[Black "Harper, Ryan"]
[Result "0-1"]
[WhiteElo "2265"]
[BlackElo "2206"]
[PlyCount "78"]
[EventDate "2009.04.27"]
[EventType "swiss"]
[EventRounds "9"]
[EventCountry "BAR"]
[SourceDate "2009.04.27"]

1. e4 c5 2. Nc3 Nc6 3. Bb5 Nd4 4. Bc4 e6 5. Nf3 Nf6 6. O-O a6 7. d3 b5 8. Bb3
Nxb3 9. axb3 Bb7 10. e5 Nd5 11. Ne4 Be7 12. Bg5 f6 13. exf6 Nxf6 14. Bxf6 gxf6
15. Nfd2 O-O 16. f4 f5 17. Ng3 Rf6 18. Nf3 Rg6 19. Ne5 Rg7 20. Qe2 Qe8 21. Nf3
Bf6 22. Rae1 Qg6 23. c3 Bd5 24. Qe3 Rc8 25. Ra1 Bb7 26. Rf2 Kh8 27. Ne2 d6 28.
Rd1 e5 29. fxe5 dxe5 30. Nxe5 Bxe5 31. Qxe5 Re8 32. Qxc5 Bxg2 33. Ng3 Bh3 34.
Qd4 Qe6 35. Re2 Qxe2 36. Qxg7+ Kxg7 37. Nxe2 Rxe2 38. Ra1 f4 39. Rxa6 f3 0-1

[Event "Heroes Day Cup, Masters Section"]
[Site "Bridgetown Chess Center"]
[Date "2009.05.03"]
[Round "9"]
[White "Zapata, Alonso"]
[Black "Warner, Delisle"]
[Result "1-0"]
[WhiteElo "2514"]
[BlackElo "2209"]
[PlyCount "78"]
[EventDate "2009.04.27"]
[EventType "swiss"]
[EventRounds "9"]
[EventCountry "BAR"]
[SourceDate "2009.04.27"]

1. d4 f5 2. Bf4 d6 3. e3 Nf6 4. Bd3 g6 5. Nd2 Bg7 6. h3 O-O 7. Ngf3 Qe8 8. O-O
Kh8 9. Bh2 Nc6 10. c3 e5 11. e4 fxe4 12. Nxe4 Nxe4 13. Bxe4 exd4 14. Bxc6 Qxc6
15. Nxd4 Qc4 16. Re1 Qf7 17. Nf3 Be6 18. a3 Bxh3 19. gxh3 Qxf3 20. Qxf3 Rxf3
21. Re7 Rc8 22. Rae1 Rff8 23. Bg3 Bf6 24. Rd7 Kg8 25. Bf4 Rf7 26. Rxf7 Kxf7 27.
Kg2 Re8 28. Rxe8 Kxe8 29. Kf3 Kd7 30. Kg4 Ke6 31. Bg5 a5 32. Bxf6 Kxf6 33. Kf4
d5 34. h4 a4 35. Ke3 c5 36. Kf4 h5 37. f3 b6 38. Kg3 Ke5 39. Kf2 Kf4 1-0

[Event "Heroes Day Cup, Masters Section"]
[Site "Bridgetown Chess Center"]
[Date "2009.05.03"]
[Round "9"]
[White "Denny, Kevin"]
[Black "Buhmann, Rainer"]
[Result "0-1"]
[WhiteElo "2354"]
[BlackElo "2582"]
[PlyCount "80"]
[EventDate "2009.04.27"]
[EventType "swiss"]
[EventRounds "9"]
[EventCountry "BAR"]
[SourceDate "2009.04.27"]

1. e4 e5 2. Nf3 Nc6 3. Nc3 Nf6 4. Bb5 Bd6 5. Bxc6 dxc6 6. d4 Bb4 7. Nxe5 c5 8.
O-O O-O 9. Nd5 Nxd5 10. exd5 Qxd5 11. Nd3 Bf5 12. a3 Bxd3 13. cxd3 Ba5 14. dxc5
c6 15. b4 Bc7 16. Bb2 Qf5 17. Re1 Rad8 18. Re4 Qd7 19. Qe2 Qxd3 20. Qxd3 Rxd3
21. Re7 Rc8 22. Rae1 Kf8 23. g3 h5 24. h4 a5 25. bxa5 Bxa5 26. R1e2 Rb3 27. Rd7
Rd8 28. Rxd8+ Bxd8 29. Be5 f6 30. Bd6+ Kf7 31. a4 g5 32. Re4 f5 33. Rc4 gxh4
34. gxh4 Ke6 35. Kg2 Ba5 36. Rc2 Rb4 37. Re2+ Re4 38. Kf3 Rxe2 39. Kxe2 Bd8 40.
Bg3 Be7 0-1

[Event "Heroes Day Cup, Masters Section"]
[Site "Bridgetown Chess Center"]
[Date "2009.05.03"]
[Round "9"]
[White "Moran Nuque, Augusto"]
[Black "Farley, Terry"]
[Result "1-0"]
[WhiteElo "2393"]
[BlackElo "2242"]
[PlyCount "169"]
[EventDate "2009.04.27"]
[EventType "swiss"]
[EventRounds "9"]
[EventCountry "BAR"]
[SourceDate "2009.04.27"]

1. d4 Nf6 2. c4 g6 3. Nc3 Bg7 4. e4 d6 5. Be2 O-O 6. Bg5 c5 7. d5 e6 8. Qd2
exd5 9. exd5 Re8 10. Nf3 Na6 11. O-O Nc7 12. a4 b6 13. Rfe1 Bd7 14. Qf4 Nh5 15.
Qd2 Nf6 16. h3 Qe7 17. Qf4 Nh5 18. Qh2 f6 19. Bd2 f5 20. Ng5 Be5 21. g3 Ng7 22.
Nf3 Bf6 23. Bd3 Qf8 24. Qg2 Na6 25. Rxe8 Nxe8 26. Re1 Nb4 27. Bb1 Nc7 28. Qf1
a6 29. Ng5 Re8 30. b3 h6 31. Nf3 Qg7 32. Rxe8+ Bxe8 33. Qc1 Kh7 34. h4 Bd7 35.
Ne2 b5 36. axb5 Bb2 37. Qe1 axb5 38. Nf4 bxc4 39. bxc4 Qf6 40. Bxb4 cxb4 41.
Qxb4 Na6 42. Qb7 Nc5 43. Qc7 Kg8 44. h5 g5 45. Nd3 Nxd3 46. Qxd7 Ne5 47. Nxe5
Bxe5 48. Bxf5 Bd4 49. Be6+ Kf8 50. Qxd6+ Kg7 51. Qc7+ Kf8 52. Qb8+ Ke7 53. Qb4+
Ke8 54. Qd2 Qe5 55. Kf1 Bc5 56. Qc2 Qd4 57. Qg6+ Kd8 58. Qf7 Qxc4+ 59. Kg1 Qb5
60. Qf6+ Kc7 61. Qxh6 Qb1+ 62. Kg2 Qe4+ 63. Kh2 Qe2 64. Qxg5 Qxf2+ 65. Kh3 Qf1+
66. Kg4 Qe2+ 67. Kf5 Qd3+ 68. Kf6 Bd4+ 69. Kf7 Qh7+ 70. Ke8 Qh8+ 71. Qg8 Qh6
72. Qf7+ Kb6 73. d6 Qh8+ 74. Kd7 Bc5 75. Qe8 Qg7+ 76. Bf7 Qxg3 77. Qd8+ Ka7 78.
Kc6 Qf3+ 79. Kxc5 Qc3+ 80. Bc4 Qe5+ 81. Kc6 Qe4+ 82. Bd5 Qa4+ 83. Kc7 Qc2+ 84.
Bc6 Qh7+ 85. d7 1-0